000 00822nam a2200289Ia 4500
008 170203s9999 xx 000 0 und d
020 _a9780753405024
050 _a0 30
050 _bG196i 1993
100 _aGaneri, Anita, 1961-
245 _aCamels have humps and other questions about animals /
245 _cAnita Ganeri.
260 _aDanbury, Connecticut :
260 _bGrolier,
260 _c2008
300 _a32 pages :
300 _bcolor illustrations ;
300 _c29 cm.
440 _aI wonder why series.
500 _aIncludes index.
650 _aAnimals --
650 _aAnimals -- Miscellanea --
650 _aChildren's questions and answers.
650 _xHabits and behavior.
650 _xJuvenile literature.
700 _aI wonder why camels have humps., Title.
999 _c305730
_d305730